| 000 | 01044nam a2200241Ia 4500 | ||
|---|---|---|---|
| 005 | 20250622124037.0 | ||
| 008 | 250617s9999||||xx |||||||||||||| ||ara|| | ||
| 017 |
_a31680 _bمصر. دار الكتب |
||
| 020 | _a9789778812862 | ||
| 082 | 0 | 4 |
_a"371,334" _bب ذ |
| 100 | 0 | _aبسمة عبد الرحمن جبر محمد | |
| 245 | 1 | 0 |
_aالذكاء الاصطناعى وتطبيقاته فى التدريس والإدارة التعليمية / _c"إعداد بسمة عبد الرحمن جبر محمد ، محمد فتحى عبد الرحمن أحمد" |
| 250 | _aط1 | ||
| 260 | 3 |
_aالقاهرة : _b"دار العلا للنشر والتوزيع," _c2025. |
|
| 300 |
_a326ص ؛ _b _c24سم. |
||
| 650 | _aالتخطيط التربوى | ||
| 650 |
_aالتعليم _x مناهج |
||
| 650 |
_aالتعليم _x وسائل سمعية وبصرية |
||
| 650 | _aتكنولوجيا التعليم | ||
| 700 | 0 |
_aمحمد فتحى عبد الرحمن أحمد _e معد مشارك |
|
| 942 | _cBK | ||
| 999 |
_c67672 _d67672 |
||